Normal view
MARC view
- تاليف عبد الكريم، ابراهيم
Entry Personal Name
001 - CONTROL NUMBER
- control field: 20263
003 - CONTROL NUMBER IDENTIFIER
- control field: JO-AjAnu
005 - DATE AND TIME OF LATEST TRANSACTION
- control field: 20230606073528.0
008 - FIXED-LENGTH DATA ELEMENTS
- fixed length control field: 230606|| aca||aabn | a|a d
040 ## - CATALOGING SOURCE
- Original cataloging agency: JO-AjAnu
- Transcribing agency: JO-AjAnu
100 ## - HEADING--PERSONAL NAME
- Personal name: تاليف عبد الكريم، ابراهيم
670 ## - SOURCE DATA FOUND
- Source citation: Work cat.: (JO-AjAnu)10404: تاليف عبد الكريم، ابراهيم, author, حدود فلسطين مع سورية ولبنان